Mechanics of materials (Record no. 2910)

000 -LEADER
fixed length control field 00928cam a2200301 a 4500
001 - CONTROL NUMBER
control field 16477462
003 - CONTROL NUMBER IDENTIFIER
control field OSt
005 - DATE AND TIME OF LATEST TRANSACTION
control field 20160823164113.0
008 - FIXED-LENGTH DATA ELEMENTS--GENERAL INFORMATION
fixed length control field 100927s2011 nyua 001 0 eng
010 ## - LIBRARY OF CONGRESS CONTROL NUMBER
LC control number 2010037852
020 ## - INTERNATIONAL STANDARD BOOK NUMBER
International Standard Book Number 9780073380285 (alk. paper)
020 ## - INTERNATIONAL STANDARD BOOK NUMBER
International Standard Book Number 9789810685096 (alk. paper)
040 ## - CATALOGING SOURCE
Original cataloging agency DLC
Transcribing agency DLC
Modifying agency DLC
042 ## - AUTHENTICATION CODE
Authentication code pcc
050 00 - LIBRARY OF CONGRESS CALL NUMBER
Classification number TA405.H35 2011
082 00 - DEWEY DECIMAL CLASSIFICATION NUMBER
Classification number 620.1/12
Edition number 22
100 ## - MAIN ENTRY--PERSONAL NAME
Personal name Hibbeler, R. C.
245 00 - TITLE STATEMENT
Title Mechanics of materials
Statement of responsibility, etc R. C. Hibbeler
250 ## - EDITION STATEMENT
Edition statement 8th ed.
260 ## - PUBLICATION, DISTRIBUTION, ETC. (IMPRINT)
Place of publication, distribution, etc Australia
Name of publisher, distributor, etc Pearson
Date of publication, distribution, etc c2011.
300 ## - PHYSICAL DESCRIPTION
Extent xxii, 866 p. :
Other physical details col. ill. ;
Dimensions 27 cm.
500 ## - GENERAL NOTE
General note Includes index.
650 #0 - SUBJECT ADDED ENTRY--TOPICAL TERM
Topical term or geographic name as entry element Strength of materials
Form subdivision Textbooks.
700 1# - ADDED ENTRY--PERSONAL NAME
Personal name Beer, Ferdinand P.
Fuller form of name (Ferdinand Pierre),
Dates associated with a name 1915-2003.
906 ## - LOCAL DATA ELEMENT F, LDF (RLIN)
a 7
b cbc
c orignew
d 1
e ecip
f 20
g y-gencatlg
942 ## - ADDED ENTRY ELEMENTS (KOHA)
Source of classification or shelving scheme
Koha item type Book
Holdings
Withdrawn status Lost status Source of classification or shelving scheme Damaged status Not for loan Home library Current library Shelving location Date acquired Total Checkouts Full call number Barcode Date last seen Copy number Price effective from Koha item type
          Riara University Library Riara University Library General stack 23/08/2016   TA405.H35 2011 8028/16 23/08/2016 C.1 23/08/2016 Book

Riara University Library,
P.O. Box 49940-00100,
Nairobi, Kenya.